Heresy and orthodoxy: the anti-Chalcedonian hagiography of John Rufus

Saved in:  
Bibliographic Details
Main Author: Steppa, Jan Eric (Author)
Format: Print Article
Language:English
Check availability: HBZ Gateway
Interlibrary Loan:Interlibrary Loan for the Fachinformationsdienste (Specialized Information Services in Germany)
Published: 2004
In: Christian Gaza in late antiquity
Year: 2004, Pages: 89-106

MARC

LEADER 00000caa a22000002c 4500
001 1536744190
003 DE-627
005 20220604113431.0
007 tu
008 160405s2004 xx ||||| 00| ||eng c
020 |a 9004138684 
035 |a (DE-627)1536744190 
035 |a (DE-576)466744196 
035 |a (DE-599)BSZ466744196 
040 |a DE-627  |b ger  |c DE-627  |e rakwb 
041 |a eng 
084 |a 1  |a 0  |2 ssgn 
100 1 |0 (DE-627)149059860X  |0 (DE-576)42059860X  |4 aut  |a Steppa, Jan Eric 
109 |a Steppa, Jan Eric  |a Steppa, Jan E. 
245 1 0 |a Heresy and orthodoxy  |b the anti-Chalcedonian hagiography of John Rufus  |c Jan-Eric Steppa 
264 1 |c 2004 
336 |a Text  |b txt  |2 rdacontent 
337 |a ohne Hilfsmittel zu benutzen  |b n  |2 rdamedia 
338 |a Band  |b nc  |2 rdacarrier 
773 0 8 |i In  |t Christian Gaza in late antiquity  |d Leiden : Brill, 2004  |g (2004), Seite 89-106  |h VIII, 247 S.  |w (DE-627)1612045863  |w (DE-576)111991439  |z 9004138684  |7 nnam 
773 1 8 |g year:2004  |g pages:89-106 
935 |a mteo 
951 |a AR 
ELC |b 1 
ITA |a 1  |t 1 
LOK |0 000 xxxxxcx a22 zn 4500 
LOK |0 001 2916115897 
LOK |0 003 DE-627 
LOK |0 004 1536744190 
LOK |0 005 20160405150547 
LOK |0 008 160404||||||||||||||||ger||||||| 
LOK |0 040   |a DE-Tue135  |c DE-627  |d DE-Tue135 
LOK |0 092   |o n 
LOK |0 852   |a DE-Tue135 
LOK |0 852 1  |9 00 
LOK |0 935   |a ixko  |a ixmi 
LOK |0 939   |a 04-04-16  |b l01 
ORI |a SA-MARC-ixtheoa001.raw 
REL |a 1 
SUB |a REL